Logo Quiz - Yellow Box Edition - Statistics

General Stats
  • This quiz has been taken 38 times
  • The average score is 12 of 16
Answer Stats
Picture Answer % Correct
Lego
100%
Oreo
100%
Shell
100%
Pringles
95%
JetPunk
89%
YouTube
89%
Doritos
84%
Lay's
84%
Coca-Cola
79%
DQ
74%
Payday
74%
Whoppers
63%
Ruffles
58%
Sporcle
53%
Fresco
42%
Garmin
42%
No matching quizzes found
Score Distribution
Percent of People with Each Score
Percentile by Number Answered
Your Score History
You have not taken this quiz